The teddy bear's party

Bibliographic Details
Main Author: Ila Wassini
Format: Book
Published: Kuala Lumpur : Starter Publisher , 2004
Series:Let's read english
Subjects:

MARC

LEADER 00000cam a2200000 7i4500
001 0000001606
005 20220105103923.0
008 070706
020 |a 9831281349 
090 0 0 |a JP   |b ENG (2107) 
100 0 |a Ila Wassini 
245 1 4 |a The teddy bear's party   |c Ila Wassini 
260 |a Kuala Lumpur :   |b Starter Publisher ,   |c 2004 
440 0 |a Let's read english 
500 |a Children age 4-6 years old (yellow) 
650 0 |a Junior preschool   |x English   |x Languages 
999 |a 0000114885   |b Book   |c Children Collection   |e Cawangan Taman Universiti 
999 |a 0000897243   |b Book   |c Children Collection   |e Cawangan Pontian 
999 |a 0000897244   |b Book   |c Children Collection   |e Cawangan Pontian 
999 |a 0000962165   |b Book   |c Children Collection   |e Cawangan Sri Merlong 
999 |a 0000962166   |b Book   |c Children Collection   |e Cawangan Sri Merlong 
999 |a 0000962167   |b Book   |c Children Collection   |e Cawangan Sri Merlong 
999 |a 0000962169   |b Book   |c Children Collection   |e Cawangan Sri Merlong 
999 |a 0000962827   |b Book   |c Children Collection   |e Cawangan Pontian 
999 |a 0001052269   |b Book   |c Children Collection   |e Cawangan Bandar Penawar 
999 |a 0001052270   |b Book   |c Children Collection   |e Cawangan Taman Universiti 
999 |a 0001052272   |b Book   |c Children Collection   |e Cawangan Bukit Gambir 
999 |a 0001052273   |b Book   |c Children Collection   |e Cawangan Tangkak 
999 |a 0001148852   |b Book   |c Children Collection   |e Cawangan Bandar Penawar